00453nam a2200169Ia 4500008004100000082001800041082001400059100001800073245003400091260003900125260000700164300000800171600001800179630003400197700001800231730003400249151121s9999||||xx |||||||||||||| ||und|| a923ред173/WAR bHNW-28350 aWarren Sidney 4aThe President As World Leader b"Scientific Book Agency, Calcutta" c-- a480 aWarren Sidney aThe President As World Leader aWarren Sidney aThe President As World Leader